02084cam a2200325 a 4500001001300000005001700013008004100030010001700071020001800088020001800106020001500124020001500139035002100154040004400175041000800219100003500227245006400262260007100326300002200397504005300419505020400472520083600676546002201512650003301534650004601567650004401613650003801657650003501695700002801730ocn60109065220160713081634.0160713s2010 xxu frb 001 0 eng d a 2010022286 a9781588267337 a9781588267092 z1588267091 z1588267334 a(OCoLC)601090652 aCo-BoUCMbengcSaul NiñodSaul Niño0 aeng1 aDiehl, Paul F.q(Paul Francis)10aEvaluating peace operationscPaul F. Diehl, Daniel Druckman aBoulder (Colorado, Estados Unidos)bLynne Rienner Publishersc2010 aix, 234 páginas aIncluye referencias bibliográficas e índices0 aEvaluating peace operations --- An evaluation framework --- Core peacekeeping goals --- Beyond traditional peacekeeping --- Postconflict peacebuilding --- Context matters --- Putting it all together. aThere has been a great deal written on why peace operations succeed or fail. ... But how are those judgments reached? By what criteria is success defined? Success for whom? Paul Diehl and Daniel Druckman explore the complexities of evaluating peace operation outcomes, providing an original, detailed framework for assessment. The authors address both the theoretical and the policy-relevant aspects of evaluation as they cover the full gamut of mission goals from conflict mitigation, containment, and settlement to the promotion of democracy and human rights. Numerous examples from specific peace operations illustrate their discussion. A seminal contribution, their work is a foundation not only for the meaningful assessment of peace operations, but also for approaches that can increase the likelihood of successful outcomes. aTexto en inglés 7aAcuerdos de paz xAnálisis 7aCambio para construir la paz xAnálisis 7aResolución de conflictos xAnálisis 7aCooperación internacional xpaz 7aAnálisis de diálogos xPaz1 aDruckman, Danield1939-